000 00302nam a22001337a 4500
008 170630b xxu||||| |||| 00| 0 eng d
020 _a9781576856628
041 _aeng
080 _a05
100 _a22
101 _aGJL
245 _aGRAMMAR IN 15 MINUTES A DAY
_cLEARNING EXPRESS
942 _2udc
_cBK
999 _c19749
_d19749